000 00626nam a2200193Ia 4500
003 LDD
008 190117s9999 xx 000 0 und d
020 _c₹400
040 _cLDD
041 _ahi
082 _a8H0.09 ना59268
100 _aपचौरी, सुधीश
245 0 _aनामवर के विमर्श
_cसुधीश पचौरी
260 _aदिल्ली
_bप्रवीण
_c1995
300 _a518पृ.
901 _aHBC
904 _aReqst by : रीता रानी पालीवाल
942 _2ddc
_cH
999 _c162775
_d162775